Sports Quiz

Random Sports or Baseball Quiz

Multiple Cy Young Winners Quiz Stats

 Plays Quiz Updated Nov 12, 2018

Score 0/19 Timer 04:00
2 Plays Today
# Won Name % Correct
7Roger Clemens
95%
5Randy Johnson
91.3%
4Greg Maddux
82.5%
3Clayton Kershaw
81.3%
3Pedro Martinez
75.7%
2Tom Glavine
69.3%
3Sandy Koufax
67.9%
3Max Scherzer
67%
2Bob Gibson
60%
3Tom Seaver
57.3%
# Won Name % Correct
2Johan Santana
53.4%
4Steve Carlton
50.1%
2Corey Kluber
49%
3Jim Palmer
42.1%
2Tim Lincecum
38.2%
2Bret Saberhagen
28%
2Roy Halladay
27.9%
2Denny McLain
24.8%
2Gaylord Perry
24.5%

You're not logged in!

Compare scores with friends on all Sporcle quizzes.
OR
Log In

Sporcle TV

Today on Sporcle TV


Watch our educational content, quiz creation guides, and fun videos on Sporcle TV.

Show Comments

Extras

Top Quizzes Today


Score Distribution

Your Account Isn't Verified!

In order to create a playlist on Sporcle, you need to verify the email address you used during registration. Go to your Sporcle Settings to finish the process.

Report this User

Report this user for behavior that violates our Community Guidelines.

Details: